[Event "2.ligaD04/05-3"]
[Site "?"]
[Date "2004.11.21"]
[Round "14.7"]
[White "Petlak, Josef"]
[Black "Masak, Pavel"]
[Result "0-1"]
[WhiteElo "2031"]
[BlackElo "2055"]
[PlyCount "108"]
[EventDate "2004.11.22"]

1. e4 c5 2. Nf3 Nc6 3. d4 cxd4 4. Nxd4 Qc7 5. Nc3 e6 6. Ndb5 Qb8 7. g3 a6 8.
Nd4 Nf6 9. Bg2 Be7 10. O-O O-O 11. a4 Rd8 12. Be3 Qc7 13. Nb3 d6 14. a5 Nd7 15.
Na4 Nc5 16. Qe2 Bd7 17. Nbxc5 dxc5 18. Nxc5 Nxa5 19. Rxa5 Qxa5 20. Nxb7 Qb5 21.
Qxb5 Bxb5 22. Nxd8 Bxf1 23. Kxf1 Rxd8 24. Ke2 e5 25. Bd2 Bc5 26. b4 Bxf2 27. c4
Bg1 28. h3 Kf8 29. c5 a5 30. bxa5 Bxc5 31. Bc3 Bd4 32. Bb4+ Ke8 33. Bf3 Rb8 34.
Bd2 Rb2 35. Kd1 Rb3 36. Be2 Rxg3 37. Bb5+ Kd8 38. a6 Ra3 39. Kc2 Kc7 40. Bb4
Rxh3 41. Bd3 h5 42. Ba5+ Kb8 43. Bc4 Ka7 44. Bxf7 Kxa6 45. Bd8 Kb5 46. Be7 Kc6
47. Be8+ Kc7 48. Kd2 Be3+ 49. Ke2 g5 50. Bg6 g4 51. Bf5 Bf4 52. Bc5 Kc6 53. Bf2
Rh1 54. Ba7 Ra1 0-1

[Event "2.ligaD04/05-3"]
[Site "?"]
[Date "2004.11.21"]
[Round "14.8"]
[White "Handl, Martin"]
[Black "Jelen, Jiri"]
[Result "1/2-1/2"]
[WhiteElo "2023"]
[BlackElo "1957"]
[PlyCount "89"]
[EventDate "2004.11.22"]

1. e4 e5 2. Nf3 d6 3. Bc4 c6 4. d4 Qc7 5. O-O Be7 6. h3 Nf6 7. Re1 O-O 8. Nbd2
Nbd7 9. c3 h6 10. Bb3 Re8 11. Nf1 Nf8 12. Ng3 Be6 13. Bc2 N6h7 14. Be3 Ng6 15.
Qd2 Bf8 16. a4 a5 17. d5 Bd7 18. c4 c5 19. Bd1 Qd8 20. Nh2 Nh4 21. Bg4 Nf6 22.
Bxd7 Qxd7 23. f3 Kh7 24. Ng4 Ng8 25. Nf2 g6 26. Nd1 f5 27. Nf1 Be7 28. Nc3 Rf8
29. Nh2 Rf7 30. Rf1 Raf8 31. g4 fxe4 32. fxe4 Nf3+ 33. Nxf3 Rxf3 34. Rxf3 Rxf3
35. Kg2 Rf7 36. Qe2 Bg5 37. Bxg5 hxg5 38. Qe3 Kh6 39. Rf1 Rxf1 40. Kxf1 Nf6 41.
Kg2 Qd8 42. Kg3 Nh7 43. Nb5 Kg7 44. Qf3 Nf6 45. Kg2 1/2-1/2

[Event "2.ligaD04/05-3"]
[Site "?"]
[Date "2004.??.??"]
[Round "?"]
[White "Donnert, Milan"]
[Black "Cely, Jaroslav"]
[Result "0-1"]
[WhiteElo "2196"]
[BlackElo "2181"]
[PlyCount "86"]
[EventDate "2004.11.22"]

1. e4 g6 2. Nf3 Bg7 3. Bc4 d6 4. O-O Nf6 5. d3 O-O 6. Nc3 c5 7. Bg5 Nc6 8. a3
Rb8 9. Qd2 Bg4 10. Qf4 Bxf3 11. Qxf3 b5 12. Ba2 b4 13. axb4 Rxb4 14. Rab1 Qb8
15. Bxf6 exf6 16. Nd5 Nd4 17. Nxf6+ Kh8 18. Qd1 Bxf6 19. c3 Rxb2 20. cxd4 Bxd4
21. g3 f5 22. Rxb2 Qxb2 23. Qb3 Qxb3 24. Bxb3 fxe4 25. dxe4 Rb8 26. Rb1 a5 27.
Kg2 a4 28. Ba2 Rxb1 29. Bxb1 a3 30. Kf1 c4 31. Ke2 Bxf2 32. Ba2 c3 33. Kd3 Bd4
34. Kc2 Kg7 35. Kb3 Kf6 36. Bb1 Ke5 37. Kxa3 Bg1 38. h3 Bf2 39. Kb3 Kd4 40. g4
g5 41. Kc2 Bg3 42. Kd1 Ke3 43. Ba2 Be5 0-1

[Event "2.ligaD04/05-3"]
[Site "?"]
[Date "2004.??.??"]
[Round "?"]
[White "Siebenburger, Vlastimil"]
[Black "Svihel, Karel"]
[Result "1-0"]
[WhiteElo "2196"]
[BlackElo "2166"]
[PlyCount "49"]
[EventDate "2004.11.22"]

1. e4 c5 2. Nc3 Nc6 3. g3 g6 4. Bg2 Bg7 5. Nge2 Rb8 6. a4 a6 7. O-O b5 8. axb5
axb5 9. d3 b4 10. Nd5 e6 11. Ne3 Nge7 12. f4 Nd4 13. g4 f5 14. gxf5 exf5 15.
Ng3 O-O 16. c3 bxc3 17. bxc3 Ndc6 18. e5 d6 19. exd6 Qxd6 20. Nc4 Qc7 21. Be3
Bxc3 22. Bxc5 Bxa1 23. Qxa1 Rd8 24. Qf6 Rf8 25. Bd5+ 1-0

[Event "2.ligaD04/05-3"]
[Site "?"]
[Date "2004.??.??"]
[Round "?"]
[White "Zavadil, Michal"]
[Black "Krondraf, Karel"]
[Result "1/2-1/2"]
[WhiteElo "2083"]
[BlackElo "2153"]
[PlyCount "45"]
[EventDate "2004.11.22"]

1. e4 c5 2. c3 d5 3. exd5 Qxd5 4. d4 Nc6 5. Nf3 Bg4 6. Be2 e6 7. O-O cxd4 8.
cxd4 Nf6 9. Nc3 Qa5 10. Be3 Rd8 11. Qb3 Qb4 12. Rfd1 a6 13. Qc2 Be7 14. a3 Qd6
15. Rac1 O-O 16. Na4 Bf5 17. Qb3 Qb8 18. Nc5 Bxc5 19. dxc5 Ng4 20. h3 Nxe3 21.
Qxe3 Qc7 22. Nh4 Bg6 23. Nxg6 1/2-1/2

[Event "2.ligaD04/05-3"]
[Site "?"]
[Date "2004.??.??"]
[Round "?"]
[White "Bukacek, Lubomir"]
[Black "Komarek, David"]
[Result "1/2-1/2"]
[WhiteElo "2109"]
[BlackElo "2147"]
[PlyCount "35"]
[EventDate "2004.11.22"]

1. d4 e6 2. Nf3 d5 3. c4 Nf6 4. Nc3 c6 5. Bg5 dxc4 6. e4 b5 7. e5 h6 8. Bh4 g5
9. exf6 gxh4 10. Ne5 Qxf6 11. Be2 Bb4 12. Bf3 Bb7 13. a4 Bxc3+ 14. bxc3 Qe7 15.
Qd2 a6 16. Qf4 Rh7 17. Ng4 f5 18. Ne3 1/2-1/2

[Event "2.ligaD04/05-3"]
[Site "?"]
[Date "2004.??.??"]
[Round "?"]
[White "Lamser, Miroslav"]
[Black "Vasut, Karel"]
[Result "1/2-1/2"]
[WhiteElo "2066"]
[BlackElo "2136"]
[PlyCount "130"]
[EventDate "2004.11.22"]

1. d4 e6 2. c4 f5 3. g3 Nf6 4. Bg2 c6 5. c5 d5 6. cxd6 Bxd6 7. Nf3 Nbd7 8. O-O
e5 9. dxe5 Nxe5 10. Qb3 Qe7 11. Nd4 Qf7 12. Qc2 O-O 13. Nxf5 Bxf5 14. Qxf5 Rae8
15. Nc3 Qc4 16. Qc2 Nfg4 17. Qb3 Bc5 18. Qxc4+ Nxc4 19. e3 h5 20. Ne4 Bb4 21.
a3 Ba5 22. b3 Nce5 23. h3 Nf6 24. Nxf6+ Rxf6 25. Bb2 Nf3+ 26. Bxf3 Rxf3 27.
Rad1 Re7 28. Kg2 Rf5 29. Rd3 Bb6 30. Rfd1 Ref7 31. R1d2 g5 32. g4 hxg4 33. hxg4
Rb5 34. a4 Rc5 35. f3 Ba5 36. Re2 b5 37. Ba3 Re5 38. Rc2 bxa4 39. Rxc6 Bb6 40.
Rc8+ Kh7 41. Bb2 Re6 42. e4 Bc7 43. Rh8+ Kg6 44. Rg8+ Kh7 45. Rxg5 Rc6 46. Rc3
Rxc3 47. Bxc3 a3 48. Rh5+ Kg6 49. Rh1 Bd6 50. e5 Bf8 51. Kg3 Rb7 52. b4 Rc7 53.
Ba1 Bxb4 54. f4 Rc3+ 55. Bxc3 Bxc3 56. f5+ Kg7 57. e6 a2 58. g5 a1=Q 59. Rxa1
Bxa1 60. Kf4 a5 61. Ke4 a4 62. Kd3 a3 63. Kc2 Kf8 64. f6 a2 65. Kb3 Bxf6
1/2-1/2

[Event "2.ligaD04/05-3"]
[Site "?"]
[Date "????.??.??"]
[Round "?"]
[White "Holemar, David"]
[Black "Vechet, Stanislav"]
[Result "1-0"]
[WhiteElo "2326"]
[BlackElo "2259"]
[PlyCount "100"]
[EventDate "2004.11.22"]

1. d4 d5 2. c4 e6 3. Nc3 Be7 4. cxd5 exd5 5. Bf4 c6 6. e3 Bf5 7. Nge2 h6 8. Ng3
Bh7 9. Bd3 Bxd3 10. Qxd3 Nd7 11. Nf5 g6 12. Nxe7 Qxe7 13. O-O-O Ngf6 14. h3
O-O-O 15. Kb1 Nb6 16. f3 Nh5 17. Be5 Rhg8 18. Rhe1 f6 19. Bh2 f5 20. Rc1 Qb4
21. g4 Ng7 22. b3 a6 23. Rc2 h5 24. Ka1 hxg4 25. hxg4 Rd7 26. Ree2 Kd8 27. Be5
fxg4 28. Qxg6 gxf3 29. Qf6+ Qe7 30. Qxf3 Rf8 31. Qh3 Ne6 32. Rh2 Qf7 33. Kb2
Qf5 34. Qh6 Rg8 35. Qh4+ Kc8 36. a4 Rf7 37. a5 Nd7 38. e4 Qg4 39. exd5 Nxe5 40.
dxe5 Qxh4 41. Rxh4 cxd5 42. Nxd5+ Kb8 43. Rhc4 Rd8 44. Nb6 Rff8 45. Re2 Nd4 46.
Re4 Nf3 47. Rc5 Ng5 48. Rh4 Ne6 49. Rcc4 Nc7 50. Rh7 Nb5 1-0

[Event "2.ligaD04/05-3"]
[Site "?"]
[Date "????.??.??"]
[Round "?"]
[White "Symersky, Petr"]
[Black "Nehybka, Jiri"]
[Result "1/2-1/2"]
[WhiteElo "2153"]
[BlackElo "2190"]
[PlyCount "93"]
[EventDate "2004.11.22"]

1. Nf3 g6 2. d4 Bg7 3. g3 d6 4. Bg2 Nd7 5. O-O Ngf6 6. c4 O-O 7. Nc3 e5 8. e4
Re8 9. h3 exd4 10. Nxd4 Nc5 11. Re1 a5 12. b3 Ne6 13. Nxe6 Bxe6 14. Bb2 Nd7 15.
Qc2 Nc5 16. Rad1 Qd7 17. Kh2 Rad8 18. Nb5 Bxb2 19. Qxb2 Qe7 20. Qc3 c6 21. f4
Bc8 22. e5 dxe5 23. Rxd8 Rxd8 24. Rxe5 Be6 25. Re3 Qd7 26. Qe5 b6 27. Nc3 Qd6
28. Qf6 Rb8 29. Ne4 Nxe4 30. Rxe4 Qd8 31. Rxe6 fxe6 32. Qxe6+ Kf8 33. Qe5 Rc8
34. Qh8+ Kf7 35. Qxh7+ Kf6 36. Bxc6 Qh8 37. Qb7 Qd8 38. Bg2 Qc7 39. Qd5 Qc5 40.
Qd2 Re8 41. Qb2+ Kf5 42. Qg7 Re7 43. Qf8+ Ke6 44. Qg8+ Kf6 45. Qf8+ Rf7 46.
Qd8+ Kg7 47. Qd2 1/2-1/2

[Event "2.ligaD04/05-3"]
[Site "?"]
[Date "????.??.??"]
[Round "?"]
[White "Skacelik, Petr"]
[Black "Lastovicka, Jiri"]
[Result "1-0"]
[WhiteElo "2250"]
[BlackElo "2171"]
[PlyCount "65"]
[EventDate "2004.11.22"]

1. d4 d5 2. c4 e6 3. Nc3 f5 4. e3 Nf6 5. Bd3 Be7 6. Nge2 O-O 7. f3 c6 8. Bd2
Kh8 9. Qc2 Bd6 10. O-O-O Na6 11. a3 dxc4 12. Bxc4 b5 13. Bb3 b4 14. Nb1 bxa3
15. Nxa3 Bxa3 16. bxa3 Qb6 17. Kb2 Bd7 18. Ka2 c5 19. Rb1 Qc6 20. Rhc1 Rfc8 21.
Qd3 Qd6 22. Bc4 Nc7 23. dxc5 Qxc5 24. Bb4 Qe5 25. Bc3 Qc5 26. Bxf6 gxf6 27.
Qxd7 Rd8 28. Qa4 Rd2+ 29. Rc2 Qxe3 30. Rxd2 Qxd2+ 31. Rb2 Qd6 32. Qb4 Qe5 33.
Qc3 1-0

[Event "2.ligaD04/05-3"]
[Site "?"]
[Date "????.??.??"]
[Round "?"]
[White "Sochna, Dusan"]
[Black "Cagasik, Tomas"]
[Result "0-1"]
[WhiteElo "2163"]
[BlackElo "2254"]
[PlyCount "88"]
[EventDate "2004.11.22"]

1. e4 e5 2. f4 exf4 3. Nf3 Be7 4. Bc4 Nf6 5. Nc3 Nxe4 6. Nxe4 d5 7. Bd3 dxe4 8.
Bxe4 O-O 9. O-O Re8 10. d4 Bd6 11. Qd3 g6 12. Bd2 c6 13. Ne1 Qe7 14. Bf3 Bf5
15. Qb3 Qc7 16. c4 Nd7 17. Nd3 g5 18. Rae1 Bf8 19. h4 h6 20. c5 Bg7 21. Qc4 Be6
22. Qc3 Bxa2 23. Rxe8+ Rxe8 24. Ra1 Bd5 25. Bxd5 cxd5 26. Rxa7 f3 27. Be1 Qb8
28. Ra4 fxg2 29. Kxg2 Nf6 30. Bg3 Qc8 31. Ne5 Qf5 32. Rb4 Ne4 33. Qf3 Nxg3 34.
Kxg3 Bxe5+ 35. dxe5 Qxe5+ 36. Kg2 Qe2+ 37. Qxe2 Rxe2+ 38. Kf3 Re7 39. hxg5 hxg5
40. Kg4 f6 41. Kf5 Kf7 42. Rd4 Re5+ 43. Kg4 Re4+ 44. Rxe4 dxe4 0-1

[Event "2.ligaD04/05-3"]
[Site "?"]
[Date "????.??.??"]
[Round "?"]
[White "Vrtal, Jaroslav"]
[Black "Simbera, Jiri"]
[Result "0-1"]
[WhiteElo "2156"]
[BlackElo "2097"]
[PlyCount "52"]
[EventDate "2004.11.22"]

1. Nf3 f5 2. g3 Nf6 3. Bg2 e6 4. O-O Be7 5. c4 O-O 6. Nc3 d6 7. d4 Qe8 8. Re1
Ne4 9. d5 Nxc3 10. bxc3 e5 11. e3 Na6 12. a4 Bd7 13. a5 Nc5 14. Nd2 e4 15. Bf1
Ba4 16. Qe2 Nd3 17. f3 Nxe1 18. Qxe1 Bc2 19. fxe4 Bxe4 20. Nxe4 fxe4 21. Bg2
Bg5 22. a6 b6 23. Qd1 Qe5 24. Bd2 Rf6 25. Qg4 Bxe3+ 26. Bxe3 Qxc3 0-1

[Event "2.ligaD04/05-3"]
[Site "?"]
[Date "????.??.??"]
[Round "?"]
[White "Komprda, Pavel"]
[Black "Klenner, Richard"]
[Result "1-0"]
[WhiteElo "2090"]
[BlackElo "1967"]
[PlyCount "69"]
[EventDate "2004.11.22"]

1. e4 d6 2. d4 Nf6 3. Nc3 c6 4. f3 Nbd7 5. Be3 a6 6. Qd2 b5 7. g4 e5 8. O-O-O
Be7 9. h4 b4 10. Na4 exd4 11. Bxd4 c5 12. Be3 Rb8 13. g5 Nh5 14. Qh2 Qa5 15. b3
O-O 16. f4 Bb7 17. Be2 g6 18. Bxh5 gxh5 19. f5 Bxe4 20. f6 Bd8 21. Nh3 Nb6 22.
Qe2 Nxa4 23. Qxh5 Kh8 24. Qh6 Rg8 25. g6 fxg6 26. Ng5 Rb7 27. f7 Bxg5 28.
fxg8=Q+ Kxg8 29. Qxg5 Nc3 30. Rxd6 Bxh1 31. Rd8+ Kf7 32. Qf4+ Ke6 33. Rd6+ Ke7
34. Qe5+ Kf7 35. Rf6+ 1-0

[Event "2.ligaD04/05-3"]
[Site "?"]
[Date "????.??.??"]
[Round "?"]
[White "Horak, Jaroslav"]
[Black "Kubicek, Pavel"]
[Result "0-1"]
[WhiteElo "1855"]
[BlackElo "1891"]
[PlyCount "76"]
[EventDate "2004.11.22"]

1. d4 Nf6 2. Nf3 g6 3. c4 Bg7 4. Nc3 d5 5. e3 O-O 6. cxd5 Nxd5 7. Be2 c5 8.
Nxd5 Qxd5 9. dxc5 Qxc5 10. O-O Nc6 11. a3 Rd8 12. Qa4 Bd7 13. Qe4 Rac8 14. Ra2
Bf5 15. Qh4 Bf6 16. Ng5 Bxg5 17. Qxg5 Qc2 18. Bb5 Qb3 19. Bxc6 Qxa2 20. Bxb7
Rc7 21. e4 Rxb7 22. exf5 Rbd7 23. fxg6 hxg6 24. Qc5 Qd5 25. Be3 Qxc5 26. Bxc5
a6 27. g3 e5 28. Kg2 Rd1 29. Be7 Rxf1 30. Bxd8 Rc1 31. Bf6 e4 32. Bc3 f5 33. h3
Kf7 34. g4 Rc2 35. Kg3 Ke6 36. h4 fxg4 37. Kxg4 Rxf2 38. Bd4 Rf3 0-1

[Event "2.ligaD04/05-3"]
[Site "?"]
[Date "????.??.??"]
[Round "?"]
[White "Zigo, Viktor"]
[Black "Vyskocil, Neklan"]
[Result "1/2-1/2"]
[WhiteElo "2302"]
[BlackElo "2300"]
[PlyCount "32"]
[EventDate "2004.11.22"]

{192MB, Fritz8.ctg, V-ZIGO} 1. e4 c5 2. Nf3 e6 3. d4 cxd4 4. Nxd4 a6 5. Bd3 Nf6
6. O-O Qc7 7. c4 Nc6 8. Be3 Bd6 9. h3 Bh2+ 10. Kh1 Bf4 11. Bxf4 Qxf4 12. Ne2
Qh4 13. Nbc3 O-O 14. f4 d6 15. Qe1 Qh5 16. Rd1 Rd8 1/2-1/2

[Event "2.ligaD04/05-3"]
[Site "?"]
[Date "????.??.??"]
[Round "?"]
[White "Lacko, Jan"]
[Black "Sedlacek, Oldrich"]
[Result "1/2-1/2"]
[WhiteElo "2231"]
[BlackElo "2248"]
[PlyCount "28"]
[EventDate "2004.11.22"]

{192MB, Fritz8.ctg, V-ZIGO} 1. c4 {[%emt 0:00:00]} 1... g6 2. Nc3 Bg7 3. g3 c5
4. Bg2 Nc6 5. a3 e6 6. Rb1 a5 7. e4 Nge7 8. Nge2 O-O 9. O-O d6 10. d3 Rb8 11.
Be3 b6 12. d4 Ba6 13. Nb5 e5 14. d5 Nd4 1/2-1/2

[Event "2.ligaD04/05-3"]
[Site "?"]
[Date "????.??.??"]
[Round "?"]
[White "Kozlicek, Lubomir"]
[Black "Macharacek, Simon"]
[Result "1-0"]
[WhiteElo "2158"]
[BlackElo "2209"]
[PlyCount "73"]
[EventDate "2004.11.22"]

{192MB, Fritz8.ctg, V-ZIGO} 1. e4 e5 2. Nf3 Nc6 3. d4 exd4 4. c3 dxc3 5. Nxc3
Bb4 6. Bc4 d6 7. Qb3 Bxc3+ 8. bxc3 Qe7 9. O-O Nf6 10. e5 Nxe5 11. Nxe5 dxe5 12.
Ba3 c5 13. Bb5+ Nd7 14. Bxd7+ Qxd7 15. Bxc5 Qc6 16. Ba3 Be6 17. c4 O-O-O 18.
Qe3 Qa4 19. Rab1 Rd7 20. Bc5 Bxc4 21. Rfc1 Rhd8 22. h3 b5 23. Qxe5 f6 24. Qg3
Rd5 25. Be3 Rd1+ 26. Kh2 Rxc1 27. Rxc1 Qa5 28. a4 a6 29. axb5 axb5 30. Qg4+ Rd7
31. Bf4 g5 32. Bg3 Qd2 33. Ra1 Kb7 34. Qf3+ Bd5 35. Qa3 Kc8 36. Qc5+ Kd8 37.
Qf8# 1-0

[Event "2.ligaD04/05-3"]
[Site "?"]
[Date "????.??.??"]
[Round "?"]
[White "Cerveny, Martin"]
[Black "Novotny, Bohuslav"]
[Result "1/2-1/2"]
[WhiteElo "2135"]
[BlackElo "2033"]
[PlyCount "117"]
[EventDate "2004.11.22"]

{192MB, Fritz8.ctg, V-ZIGO} 1. d4 {[%emt 0:00:00]} 1... d5 2. c4 e6 3. Nc3 Nf6
4. Bf4 Be7 5. e3 O-O 6. Nf3 c5 7. Rc1 cxd4 8. exd4 Nc6 9. a3 b6 10. Bd3 Bb7 11.
O-O dxc4 12. Bxc4 Rc8 13. Ba2 Re8 14. Qd3 Bf8 15. Bg5 Be7 16. Ne2 Nd5 17. Bd2
Rc7 18. Ne1 Rd7 19. Bc3 Bf6 20. f4 Nde7 21. Nf3 g6 22. Rcd1 Nd5 23. g4 Qe7 24.
h4 Nxc3 25. bxc3 Qxa3 26. Rd2 Ne7 27. Ne5 Rc7 28. h5 Ba6 29. Qe4 Bxe2 30. Rxe2
Qxc3 31. Rf3 Qa1+ 32. Rf1 Rc1 33. Rxc1 Qxc1+ 34. Kg2 Nd5 35. Bxd5 exd5 36. Qxd5
Bxe5 37. fxe5 Qg5 38. Kh3 gxh5 39. Rg2 h4 40. Rf2 Re6 41. Qb7 Qe7 42. Qc8+ Kg7
43. Qc1 h6 44. Rc2 Qg5 45. Qa3 h5 46. Qf3 hxg4+ 47. Qxg4 Qxg4+ 48. Kxg4 Re7 49.
Kxh4 f6 50. Kg4 fxe5 51. dxe5 a5 52. Kf5 a4 53. e6 a3 54. Rg2+ Kf8 55. Kf6 Rh7
56. Rc2 Rh6+ 57. Ke5 Rh3 58. Kd6 Rd3+ 59. Kc6 1/2-1/2

[Event "2.ligaD04/05-3"]
[Site "?"]
[Date "????.??.??"]
[Round "?"]
[White "Bina, Josef"]
[Black "Mudra, Tomas"]
[Result "1-0"]
[WhiteElo "2062"]
[BlackElo "2075"]
[PlyCount "95"]
[EventDate "2004.11.22"]

{192MB, Fritz8.ctg, V-ZIGO} 1. e4 c5 2. Nf3 d6 3. d4 cxd4 4. Nxd4 Nf6 5. Nc3 g6
6. Be3 Bg7 7. f3 O-O 8. Qd2 Nc6 9. O-O-O d5 10. Nxc6 bxc6 11. exd5 cxd5 12.
Nxd5 Nxd5 13. Qxd5 Qc7 14. Qc5 Qb7 15. b3 Bf5 16. Bd3 Bxd3 17. Rxd3 Qa6 18. a4
Rfc8 19. Qb5 Qe6 20. Rhd1 Qf6 21. Bd4 e5 22. Bb2 Qg5+ 23. R1d2 Qf5 24. Kb1 Bf6
25. h3 Qf4 26. Re2 Re8 27. Rd7 Rab8 28. Qd5 Bg7 29. Rxa7 Qf5 30. g4 Qf4 31. Rd7
Rf8 32. a5 Qg3 33. Bxe5 Bxe5 34. Rxe5 Rbc8 35. Re2 Qg1+ 36. Kb2 Qf1 37. Rd2
Rce8 38. Qd3 Qe1 39. a6 Ra8 40. a7 Qe6 41. Qd5 Qa6 42. Qd4 Qa5 43. Re2 Rac8 44.
h4 Rc6 45. Re5 Qa6 46. Rd8 Rc8 47. Rxf8+ Rxf8 48. Rd5 1-0

[Event "2.ligaD04/05-3"]
[Site "?"]
[Date "????.??.??"]
[Round "?"]
[White "Tomes, Zdenek"]
[Black "Vachtfeidl, Petr"]
[Result "0-1"]
[WhiteElo "2131"]
[BlackElo "2106"]
[PlyCount "94"]
[EventDate "2004.11.22"]

{192MB, Fritz8.ctg, V-ZIGO} 1. e4 c5 2. Nf3 d6 3. d4 cxd4 4. Nxd4 Nf6 5. Nc3 a6
6. Bg5 e6 7. f4 Qc7 8. Bd3 b5 9. Qe2 Bb7 10. Nf3 Nbd7 11. O-O b4 12. Nd1 d5 13.
exd5 Bc5+ 14. Kh1 Nxd5 15. f5 e5 16. Ne3 Nxe3 17. Bxe3 O-O 18. Bxc5 Qxc5 19.
Rfe1 Rfe8 20. Ng5 Nf6 21. Rad1 Rac8 22. h3 h6 23. Ne4 Nxe4 24. Bxe4 Bxe4 25.
Qxe4 Qxc2 26. Rd7 Qxe4 27. Rxe4 Rc1+ 28. Kh2 Rf1 29. Rxb4 Rxf5 30. Rbb7 Kf8 31.
Rd5 Rf1 32. Rd2 e4 33. Kg3 e3 34. Re2 f5 35. Rc7 f4+ 36. Kg4 g5 37. a3 Re7 38.
Rc6 Kf7 39. h4 Re6 40. Rc5 Kf6 41. hxg5+ hxg5 42. b4 Rf2 43. Rcc2 Rxe2 44. Rxe2
Rd6 45. Kf3 Kf5 46. Rc2 g4+ 47. Ke2 Ke4 0-1

[Event "2.ligaD04/05-3"]
[Site "?"]
[Date "????.??.??"]
[Round "?"]
[White "Goth, Jiri"]
[Black "Tomes, Pavel"]
[Result "1-0"]
[WhiteElo "2097"]
[BlackElo "2109"]
[PlyCount "77"]
[EventDate "2004.11.22"]

{192MB, Fritz8.ctg, V-ZIGO} 1. e4 c5 2. Nf3 d6 3. d4 cxd4 4. Nxd4 Nf6 5. Nc3 g6
6. Be3 Bg7 7. f3 O-O 8. Qd2 Nc6 9. Bc4 Bd7 10. O-O-O Ne5 11. Bb3 Qa5 12. Kb1
Rfc8 13. Bh6 Bxh6 14. Qxh6 Rxc3 15. bxc3 Rc8 16. Qd2 Qxc3 17. Qxc3 Rxc3 18. Ne2
Rc5 19. Nf4 a5 20. Nd3 Rb5 21. a4 Rb6 22. Nxe5 dxe5 23. Ka2 Rc6 24. Rd3 Rc5 25.
Rhd1 Bc6 26. Kb2 Kg7 27. Rc3 Nd7 28. Rxc5 Nxc5 29. Ka3 e6 30. Rd8 f5 31. exf5
exf5 32. Bd5 Bxa4 33. Rc8 Nd7 34. Rc7 Kf6 35. Rxb7 Nc5 36. Rc7 Nd7 37. h4 g5
38. h5 Nb6 39. Rf7# 1-0

[Event "2.ligaD04/05-3"]
[Site "?"]
[Date "????.??.??"]
[Round "?"]
[White "Fuchs, Ludek"]
[Black "Hodac, Pavel"]
[Result "1/2-1/2"]
[WhiteElo "2098"]
[BlackElo "2045"]
[PlyCount "32"]
[EventDate "2004.11.22"]

{192MB, Fritz8.ctg, V-ZIGO} 1. d4 d5 2. c4 c6 3. Nf3 Nf6 4. Nc3 dxc4 5. a4 Bf5
6. e3 e6 7. Bxc4 Nbd7 8. O-O Bd6 9. Bd3 Bg4 10. e4 e5 11. d5 cxd5 12. exd5 a6
13. h3 Bh5 14. g4 Bg6 15. g5 Nh5 16. Nh4 O-O 1/2-1/2

[Event "2.ligaD04/05-3"]
[Site "?"]
[Date "2004.11.21"]
[Round "3"]
[White "Riska, Lubomir"]
[Black "Senkyr, Vladimir"]
[Result "0-1"]
[WhiteElo "2207"]
[BlackElo "2149"]
[PlyCount "114"]
[EventDate "2004.11.22"]

1. Nf3 d5 2. c4 e6 3. d4 c6 4. e3 f5 5. Nbd2 Nf6 6. b3 Bd6 7. Bb2 O-O 8. Qc2
Bd7 9. Bd3 Be8 10. Ne5 Nbd7 11. h3 Ne4 12. O-O Bh5 13. Nxd7 Qxd7 14. Nxe4 fxe4
15. Be2 Qf7 16. f4 exf3 17. Bxf3 Bxf3 18. Rxf3 Qh5 19. Raf1 Qg5 20. Bc3 Rf5 21.
Be1 Raf8 22. Rxf5 exf5 23. Rf3 g6 24. b4 Qe7 25. c5 Bb8 26. Bf2 Qe6 27. Bg3
Bxg3 28. Rxg3 f4 29. exf4 Rxf4 30. Qd2 Qf5 31. Kh2 Qe4 32. Rd3 Rf1 33. Qe3 Re1
34. Qxe4 dxe4 35. Ra3 a6 36. Kg3 Rd1 37. Kf4 Rxd4 38. Rb3 Rd2 39. Kxe4 Rxg2 40.
a4 Ra2 41. Ke5 Rxa4 42. Kd6 g5 43. Kc7 a5 44. bxa5 Rxa5 45. Kd6 Rb5 46. Rg3 h6
47. h4 Kg7 48. hxg5 h5 49. g6 Rb4 50. Rg5 h4 51. Ke6 Rc4 52. Kd6 Rb4 53. Ke6
Rd4 54. Rg2 h3 55. Rh2 Rh4 56. Kd7 Kxg6 57. Kc8 Rh7 0-1

[Event "2.ligaD04/05-3"]
[Site "?"]
[Date "2004.11.21"]
[Round "3"]
[White "Jurek, Miroslav"]
[Black "Skaroupka, Jiri"]
[Result "1-0"]
[WhiteElo "2127"]
[BlackElo "2136"]
[PlyCount "67"]
[EventDate "2004.11.22"]

1. e4 c6 2. d4 d5 3. Nc3 dxe4 4. Nxe4 Bf5 5. Ng3 Bg6 6. Nf3 Nd7 7. h4 h6 8. h5
Bh7 9. Bd3 Bxd3 10. Qxd3 Qc7 11. Bd2 Ngf6 12. Ne4 e6 13. O-O-O O-O-O 14. g3
Nxe4 15. Qxe4 Bd6 16. Kb1 Rhe8 17. c4 c5 18. Bc3 Nf6 19. Qe2 Qb6 20. Ne5 Re7
21. f4 cxd4 22. Bxd4 Bc5 23. Bxc5 Rxd1+ 24. Rxd1 Qxc5 25. g4 Qc7 26. g5 Nd7 27.
gxh6 gxh6 28. Rg1 Nxe5 29. Rg8+ Kd7 30. fxe5 Kc6 31. Qe4+ Kb6 32. b4 Qd7 33.
Qe3+ Kc7 34. Qc5+ 1-0

[Event "2.ligaD04/05-3"]
[Site "?"]
[Date "2004.11.21"]
[Round "3"]
[White "Vlk, Miroslav"]
[Black "Belousek, Michal"]
[Result "0-1"]
[WhiteElo "2115"]
[BlackElo "2146"]
[PlyCount "80"]
[EventDate "2004.11.22"]

1. d4 Nf6 2. c4 e6 3. Nf3 b6 4. Bg5 Bb7 5. e3 Be7 6. Be2 h6 7. Bh4 O-O 8. O-O
d6 9. Nc3 Ne4 10. Bxe7 Qxe7 11. Nxe4 Bxe4 12. Nd2 Bb7 13. Bf3 c5 14. Bxb7 Qxb7
15. Qf3 Nc6 16. dxc5 dxc5 17. Rfd1 Rad8 18. Ne4 Qc7 19. b3 Qe5 20. h3 Nb4 21.
a3 Nc2 22. Ra2 Rxd1+ 23. Qxd1 Nxe3 24. Qd3 Nf5 25. b4 Nd4 26. bxc5 bxc5 27. Kh1
Rd8 28. Ng3 f5 29. Ra1 Nc6 30. Qb1 Qd4 31. Qe1 Kf7 32. Rb1 Rd7 33. Qe2 g6 34.
Re1 Rd6 35. Kg1 Kf6 36. Rb1 Ne5 37. Rb7 a5 38. Qe1 Nxc4 39. a4 Qd1 40. Kf1 Nd2+
0-1

[Event "2.ligaD04/05-3"]
[Site "?"]
[Date "2004.11.21"]
[Round "3"]
[White "Jelinek, Vaclav"]
[Black "Dobes, Oldrich"]
[Result "0-1"]
[WhiteElo "2131"]
[BlackElo "2066"]
[PlyCount "55"]
[EventDate "2004.11.22"]

1. g3 Nf6 2. Bg2 g6 3. d3 Bg7 4. Nf3 O-O 5. O-O d6 6. Na3 c6 7. Rb1 Nbd7 8. c4
Qc7 9. b4 Rb8 10. Bb2 a6 11. b5 e5 12. bxc6 bxc6 13. Qd2 Bb7 14. Bc3 Ba8 15.
Qc2 Rxb1 16. Rxb1 Rb8 17. d4 Re8 18. c5 exd4 19. cxd6 Qxd6 20. Nc4 Qe6 21. Bxd4
c5 22. Be3 Be4 23. Qb3 Bxb1 24. Ng5 Rb8 25. Nxe6 Rxb3 26. Nxg7 Bxa2 27. Nd2
Rxe3 28. fxe3 0-1

[Event "2.ligaD04/05-3"]
[Site "?"]
[Date "2004.11.21"]
[Round "3"]
[White "Docekal, Jan"]
[Black "Motacek, Vladimir"]
[Result "1/2-1/2"]
[WhiteElo "2120"]
[BlackElo "2061"]
[PlyCount "124"]
[EventDate "2004.11.22"]

1. f4 e5 2. fxe5 d6 3. exd6 Bxd6 4. Nf3 Nf6 5. e3 Bg4 6. Be2 c6 7. d3 Qc7 8.
Nbd2 b5 9. Nf1 Nbd7 10. Nd4 Bxe2 11. Qxe2 g6 12. Qf3 Rc8 13. e4 O-O 14. Ne3 Nh5
15. g3 Ne5 16. Qe2 Qd7 17. O-O Bc7 18. Nf3 Ng4 19. Nxg4 Qxg4 20. Nd4 Qd7 21.
Nf5 Ng7 22. Nxg7 Kxg7 23. Be3 Be5 24. c3 Bd6 25. d4 f5 26. e5 Be7 27. Qd2 Kg8
28. a4 a6 29. b3 Qd5 30. axb5 cxb5 31. Rxa6 Qxb3 32. d5 Rxc3 33. d6 Rxe3 34.
dxe7 Re8 35. Qd8 Kg7 36. Ra3 Qxa3 37. Qxe8 Rxg3+ 38. Kh1 Rg1+ 39. Kxg1 Qe3+ 40.
Rf2 Qc1+ 41. Kg2 Qg5+ 42. Kf3 Qg4+ 43. Ke3 Qe4+ 44. Kd2 Qd4+ 45. Kc1 Qc3+ 46.
Kd1 Qd3+ 47. Ke1 Qb1+ 48. Kd2 Qb4+ 49. Kc2 Qc4+ 50. Kd1 Qd3+ 51. Rd2 Qf1+ 52.
Kc2 Qc4+ 53. Kb2 Qb4+ 54. Kc1 Qa3+ 55. Kd1 Qa4+ 56. Kc1 Qa3+ 57. Kc2 Qa2+ 58.
Kc3 Qc4+ 59. Kb2 Qb4+ 60. Kc2 Qc4+ 61. Kb1 Qb3+ 62. Kc1 Qa3+ 1/2-1/2

[Event "2.ligaD04/05-3"]
[Site "?"]
[Date "2004.11.21"]
[Round "3"]
[White "Pochyly, Jan"]
[Black "Mlensky, Dalibor"]
[Result "0-1"]
[WhiteElo "2022"]
[BlackElo "2093"]
[PlyCount "36"]
[EventDate "2004.11.22"]

1. e4 d5 2. exd5 Qxd5 3. Nc3 Qa5 4. d4 Nf6 5. Nf3 Bg4 6. h3 Bh5 7. g4 Bg6 8.
Bg2 e6 9. Ne5 Be4 10. Bxe4 Nxe4 11. Qf3 Nd6 12. Nxf7 Nxf7 13. Qxb7 Bb4 14. Qxa8
Bxc3+ 15. bxc3 Qxc3+ 16. Ke2 O-O 17. Rb1 Nc6 18. Qb7 Nd6 0-1

[Event "2.ligaD04/05-3"]
[Site "?"]
[Date "2004.11.21"]
[Round "3"]
[White "Sykora, Karel"]
[Black "Svoboda, Antonin"]
[Result "1/2-1/2"]
[WhiteElo "2119"]
[BlackElo "1862"]
[PlyCount "47"]
[EventDate "2004.11.22"]

1. c4 Nf6 2. Nc3 g6 3. Nf3 Bg7 4. d4 d5 5. g3 O-O 6. Bg2 c6 7. O-O Nbd7 8. cxd5
Nxd5 9. Nxd5 cxd5 10. Bf4 Nb8 11. Ne5 f6 12. Nf3 Nc6 13. Rc1 Qb6 14. Qd2 Bd7
15. h4 e6 16. Rfd1 Rfc8 17. Ne1 Qb4 18. Qxb4 Nxb4 19. a3 Rxc1 20. Rxc1 Nc6 21.
e3 Rc8 22. Bd6 Kf7 23. Bf1 Bf8 24. Bxf8 1/2-1/2